Manažment v 21. storočí posun paradigmy, trendy a najväčšie výzvy
Štyri základné stupne ekonomického rozvoja podľa Andrášika. Éra novej ekonomiky a posun paradigmy manažmentu. Manažment pre 21. storočie. Trendy vývoja v podnikaní a manažmente.
Salvato in:
| Autore principale: | |
|---|---|
| Natura: | Capitolo di libro |
| Lingua: | slovacco |
| Soggetti: | |
| Tags: |
Nessun Tag, puoi essere il primo ad aggiungerne!!
|
MARC
| LEADER | 00000naa$a2200000$$$4500 | ||
|---|---|---|---|
| 001 | 0077866 | ||
| 005 | 20231011093932.5 | ||
| 041 | 0 | |a slo | |
| 044 | |a SK | ||
| 245 | 1 | 0 | |a Manažment v 21. storočí posun paradigmy, trendy a najväčšie výzvy |c Dagmar Kokavcová |
| 520 | |a Štyri základné stupne ekonomického rozvoja podľa Andrášika. Éra novej ekonomiky a posun paradigmy manažmentu. Manažment pre 21. storočie. Trendy vývoja v podnikaní a manažmente. | ||
| 610 | 2 | 0 | |a manažment |
| 610 | 2 | 0 | |a podnikanie |
| 610 | 2 | 0 | |a prognózy hospodárske |
| 610 | 2 | 0 | |a globalizácia |
| 610 | 2 | 0 | |a konkurencia |
| 610 | 2 | 0 | |a pokrok technologický |
| 100 | 1 | |a Kokavcová, Dagmar | |